000 00699nam a22002417a 4500
001 20669
003 UA-OsUOA
005 20220501175651.0
007 ta
008 20031103b un ||||| |||| 00| 0 ukr d
040 _aUA-OsUOA
_brus
_cUA-OsUOA
_dUA-OsUOA
041 _arus
044 _aRU
080 _a82.09 (40+571)
090 _a82.09 (40+571)
_bК85
100 _aКрылов А. Н.
245 _aМои воспоминания
260 _aЛенинград
_bСудостроение
_c1979
300 _a480 с.
_bІлюстрації
650 7 _a82.09 Літературна критика. Літературні дослідження
_2UDC
942 _cBK
_2udc
955 _a3
999 _c306849
_d306849